Представление документа в формате RUSMARC

ПолеНазваниеЗначение
  Тип записи a
  Библиографический уровень a
001 Контрольный номер RU/CBS_UL/BASE/86911c9571fb4b4e907f7425d20526e8
005 Дата корректировки 20260325175100.4
100 Данные общей обработки __
a Данные общей обработки 20260325 ||| 0rusy0189 ca
101 Язык документа 0_
a Язык текста rus
102 Страна публикации __
a Страна публикации RU
200 Заглавие и сведения об ответственности 1_
a Заглавие Евгения Гаркуша. Роковая пощёчина Барии
e Сведения, относящиеся к заглавию [о судьбе актрисы Е. Гаркуши]
f Первые сведения об ответственности М. Курамшин
300 Общие примечания __
a Общие примечания 16+
461 Уровень набора _0
1 2000
a Дарья. Биография
463 Уровень физической единицы _0
1 2000
a № 3
v С. 22-23 : фот.
1 2101
d 2026
1 001RU/CBS_UL/BASE/8a545d0a4e7c449cbd5f34bb5f136998
600 Персоналии _1
a Персоналии (Фамилия) Гаркуша
b Персоналии (Имя, инициалы) Е.А.
606 Тематические рубрики 0_
a Основная рубрика Гаркуша, Евгения Александровна (1915-1948)
610 Ключевые слова 0_
a Ключевые слова актрисы, актрисы советские, актрисы театра, киноактрисы, репрессированные актрисы
686 Индексы других классификаций __
2 Код системы rubbk
a Классификационный индекс 85.374(2)
700 Автор _1
a Фамилия Курамшин
b Имя (инициалы) М.
801 Источник записи _0
a Страна RU
b Организация МБУК ЦБС г. Ульяновска
c Дата составления 20260325
g Правила каталогизации RCR
801 Источник записи _1
a Страна RU
b Организация МБУК ЦБС г. Ульяновска
c Дата составления 20260325
g Правила каталогизации RCR
901 Тип документа __
t Тип документа b
w Контрольный № источника RU/CBS_UL/BASE/8a545d0a4e7c449cbd5f34bb5f136998
909 Создатель записи __
a Создатель записи lib1